| 000 -ლიდერი |
| ფიქსირებული სიგრძის საკონტროლო ველი |
01464nam a2200253Ia 4500 |
| 001 - საკონტროლო ნომერი |
| საკონტროლო ველი |
17643 |
| 003 - საკონტროლო ნომრის იდენტიფიკატორი |
| საკონტროლო ველი |
GE_BSU |
| 005 - ბოლო ოპერაციის თარიღი და დრო |
| საკონტროლო ველი |
20200220161913.0 |
| 008 - ფიქსირებული სიგრძის მონაცემთა ელემენტები - ზოგადი ინფორმაცია |
| ფიქსირებული სიგრძის საკონტროლო ველი |
181216s2012ge xx |||||||||||||| ||geo|| |
| 020 ## - წიგნის საერთაშორისო სტანდარტული ნომერი |
| International Standard Book Number |
978-9941-14-791-3 |
| 040 ## - კატალოგიზაციის წყარო |
| Transcribing agency |
GE_BSU |
| 080 ## - უნივერსალური ათობითი კლასიფიკაციის ინდექსი |
| Universal Decimal Classification number |
331.45:69(075.8) ბ-89 |
| 100 ## - მთავარი ჩანაწერი - პიროვნების სახელი |
| Personal name |
ბოჭორიშვილი, ნ.ი. |
| 9 (RLIN) |
7276 |
| 245 ## - ცნობა სათაურის შესახებ |
| Title |
შრომის უსაფრთხოება მშენებლობაზე და უსაფრთხოების ტექნიკის საფუძვლები : |
| Remainder of title |
.სახელმძღვ. ნაწ. 2. / |
| Statement of responsibility, etc |
ნ. ბოჭორიშვილი ; .ი. ბოჭორიშვილი ; რედ . ი.მეგრელიშვილი. |
| 264 ## - წარმოების, გამოცემის, დისტრიბუციის და სხვა ცნობები |
| გამოცემის, წარმოების, დისტრიბუციის... ადგილი |
თბილისი : |
| გამოცემის, წარმოების, დისტრიბუციის... სახელწოდება |
ტექნ. უნ-ტი, |
| გამოცემის, წარმოების, დისტრიბუციის... თარიღი |
2012. |
| 300 ## - ფიზიკური აღწერა |
| Extent |
520 გვ ; |
| Other physical details |
ნახ; ცხრ. |
| 504 ## - BIBLIOGRAPHY, ETC. NOTE |
| Bibliography, etc |
ბიბლიოგრ.: გვ. 517-519. |
| 653 ## - INDEX TERM--UNCONTROLLED |
| Uncontrolled term |
ინჟინერია |
| 653 ## - INDEX TERM--UNCONTROLLED |
| Uncontrolled term |
მშენებლობა შრომის უსაფრთხოება |
| 653 ## - INDEX TERM--UNCONTROLLED |
| Uncontrolled term |
შრომის უსაფრთხოება მშენებლობაზე და უსაფრთხოების ტექნიკის საფუძვლებინა |
| 700 ## - ADDED ENTRY--PERSONAL NAME |
| Personal name |
ბოჭორიშვილი, ი |
| 9 (RLIN) |
7277 |
| 700 ## - ADDED ENTRY--PERSONAL NAME |
| Personal name |
მეგრელიშვილი, ი |
| Relator term |
რედაქტორი |
| 9 (RLIN) |
7278 |
| 942 ## - ADDED ENTRY ELEMENTS (KOHA) |
| Koha item type |
წიგნი |
| Source of classification or shelving scheme |
|